Loading...
Literature - World Literature | 0 | 9 | 1 | 1 | 85 | 71 | 110.22 | 0 | 2 |
Literature - European Literature | 0 | 9 | 2 | 2 | 80 | 40 | 120.22 | 1 | 2 |
Philosophy | 0 | 8 | 1 | 1 | 75 | 58 | 88.88 | 0 | 4 |
History - American History | 0 | 5 | 1 | 0 | 45 | 68 | 101.40 | 1 | 4 |
Literature - British Literature | 0 | 5 | 1 | 0 | 45 | 107 | 124.40 | 0 | 0 |
History - Other History | 0 | 5 | 1 | 0 | 45 | 16 | 75.00 | 1 | 3 |
Fine Arts - Other Fine Arts | 0 | 5 | 1 | 1 | 45 | 74 | 103.20 | 1 | 2 |
Fine Arts - Painting & Sculpture | 0 | 5 | 1 | 1 | 45 | 108 | 131.80 | 0 | 2 |
Social Science | 0 | 5 | 2 | 1 | 40 | 67 | 103.60 | 1 | 1 |
Science - Chemistry | 0 | 3 | 0 | 0 | 30 | 95 | 109.67 | 0 | 0 |
Literature - American Literature | 0 | 5 | 4 | 2 | 30 | 111 | 132.40 | 0 | 0 |
History - World History | 0 | 5 | 4 | 1 | 30 | 62 | 82.20 | 1 | 4 |
History - European History | 0 | 4 | 2 | 2 | 30 | 62 | 115.00 | 1 | 2 |
Science - Biology | 0 | 3 | 0 | 0 | 30 | 79 | 91.00 | 0 | 1 |
Science - Physics | 0 | 3 | 1 | 1 | 25 | 83 | 113.67 | 0 | 1 |
Geography | 0 | 2 | 0 | 1 | 20 | 88 | 117.00 | 0 | 0 |
Science - Other Science | 0 | 3 | 2 | 0 | 20 | 89 | 107.67 | 0 | 0 |
Fine Arts - Classical Music | 0 | 4 | 5 | 0 | 15 | 58 | 75.50 | 1 | 1 |
Current Events | 0 | 1 | 0 | 1 | 10 | 135 | 135.00 | 0 | 0 |
Other Academic | 0 | 1 | 0 | 0 | 10 | 112 | 112.00 | 0 | 0 |
Religion | 0 | 1 | 0 | 0 | 10 | 87 | 87.00 | 0 | 0 |